00473nam a2200145Ia 4500008004100000020001800041082001400059100002400073245004000097260001000137500001800147942000700165952014000172999001500312260604s9999 xx 000 0 und d a9780709726548 a808.3 WAT aBrown Watson935291 0aIllustrated Unicorn & Fairy Stories bSHREE aFairy Stories cBK 00104070aIIMVbIIMVcChildren collectiond2026-06-04g899.00l0o808.3 WATp003678r2026-06-04 10:18:47v899.00w2026-06-04yBKBWAT c8060d8060